000 00573cam a22002291 4500
001 sa 63002552
003 DLC
005 20260227111934.0
008 890925s1962 ii 000 0 hino
010 _asa 63002552
035 _a(OCoLC)20388253
040 _aDLC
_cWaU
_dDLC
042 _apremarc
050 0 0 _aBL1225.R3
_bS5
100 1 _aSinhal, Madan Gopal,
_d1909-
245 1 0 _aRāshṭra purusha śrīrāma.
260 _c[1962?]
300 _a175 p.
_c19 cm.
500 _aIn Hindi.
650 0 _aRāma (Hindu deity)
700 0 _aVālmīki.
_tRāmāyaṇa.
999 _c54513
_d54513